000 nam a22 7a 4500
999 _c9838
_d9838
008 180208b ||||| |||| 00| 0 eng d
100 _aJain, G
_95925
245 _aNoble prize winner Physics
260 _aNew Delhi
_bThree ess Publication
_c2012